| 000 | 00566nam a2200181 a 4500 | ||
|---|---|---|---|
| 001 | 000024190 | ||
| 005 | 20200930022808.0 | ||
| 008 | 110120s1995 ve ac r 000 0 spa d | ||
| 020 | _a9806270258 | ||
| 040 |
_aDO-SdBNP _bspa _cBNPHU |
||
| 082 |
_a305.42 _bM953t |
||
| 245 | 0 | 3 |
_aLa mujer trabajadora : _bnuevo protagonismo. |
| 260 |
_aCaracas : _bFondo Latinoamericano de ediciones Sociales (Flates), _c1995. |
||
| 300 |
_a264 p. : _bil., retrs. ; _c21 cm. |
||
| 630 | 0 | 4 |
_aMUJERES TRABAJADORAS _949684 |
| 650 | 4 |
_aMujeres _xCondiciones sociales _92063 |
|
| 049 | _aBNGR | ||
| 999 |
_c23684 _d23684 |
||